| 000 | 00789nam a22002057a 4500 | ||
|---|---|---|---|
| 005 | 20240902114136.0 | ||
| 008 | 240902b ||||| |||| 00| 0 eng d | ||
| 020 | _a9788192764375 | ||
| 040 | _cAL | ||
| 041 | _aeng | ||
| 082 |
_223 _a361.3 _bAGAS |
||
| 100 |
_aAgrawal N K _9178442 |
||
| 245 | _aSocial psychology and social work Vol.2 | ||
| 260 |
_aJaipur _bCorner Stone Press _c2024 |
||
| 300 |
_a250p. _bHB _c23.8x15.5cm. |
||
| 365 |
_2General _a44 _b₹1277.50 _c₹ _d₹1750.00 _e27% _f20-08-2024 |
||
| 520 | _aSocial psychology; social psychology theories; behavioral theories; cognitive theories; attribution; developmental theories; humanist theories; personality theories; learning theories. | ||
| 650 |
_2Social problems and services _aSocial work _9178443 |
||
| 942 |
_2ddc _cBK |
||
| 999 |
_c231696 _d231696 |
||